[Event "Brasilia FBX op"]
[Site "Brasilia"]
[Date "2015.03.01"]
[Round "4"]
[White "Sales de Oliveira, Allyson"]
[Black "Moraes Silva, Carlos Alessandro"]
[Result "1/2-1/2"]
[WhiteElo "1671"]
[BlackElo "1837"]
[PlyCount "118"]
[EventDate "2015.02.27"]
[EventType "swiss"]
[EventRounds "5"]
[EventCountry "BRA"]
[SourceTitle "CBM 165 Extra"]
[Source "ChessBase"]
[SourceDate "2015.04.21"]
[SourceVersion "1"]
[SourceVersionDate "2015.04.21"]
[SourceQuality "1"]

1. e4 c6 2. d4 d5 3. Nc3 dxe4 4. Nxe4 Nf6 5. Ng5 h6 6. N5f3 Bg4 7. c3 e6 8. h3 Bh5 9. Bd3 Bxf3 10. Nxf3 Bd6 11. 0-0 Nbd7 12. Re1 Qc7 13. Qe2 0-0 14. Ne5 Rad8 15. f4 Nb6 16. c4 Bb4 17. Rd1 Be7 18. Be3 c5 19. Bc2 cxd4 20. Rxd4 Bc5 21. Rxd8 Bxe3+ 22. Qxe3 Rxd8 23. b3 a6 24. Kh1 Nbd7 25. Rd1 Nd5 26. cxd5 Qxc2 27. Rc1 Qf5 28. Nxd7 Rxd7 29. dxe6 fxe6 30. Rc5 Qf6 31. Qe5 Qxe5 32. Rxe5 Kf7 33. Kh2 Rd5 34. Rxd5 exd5 35. Kg3 Kf6 36. Kf3 Kf5 37. g4+ Ke6 38. Ke3 g5 39. fxg5 hxg5 40. Kd4 Kd6 41. b4 b6 42. a4 a5 43. b5 Ke6 44. Ke3 Ke5 45. Kd3 d4 46. Kd2 Ke4 47. Ke2 d3+ 48. Kd2 Kd4 49. Kd1 Kc3 50. Kc1 Kb3 51. Kd2 Kxa4 52. Kxd3 Kb3 53. h4 gxh4 54. g5 h3 55. g6 h2 56. g7 h1Q 57. g8Q+ Ka3 58. Qf8+ Kb3 59. Qf7+ Ka3 1/2-1/2

[Event "Brasilia FBX op"]
[Site "Brasilia"]
[Date "2015.02.28"]
[Round "3"]
[White "Montufar Berrios, Lesly Viviane"]
[Black "Sales de Oliveira, Allyson"]
[Result "1-0"]
[WhiteElo "1785"]
[BlackElo "1671"]
[PlyCount "76"]
[EventDate "2015.02.27"]
[EventType "swiss"]
[EventRounds "5"]
[EventCountry "BRA"]
[SourceTitle "CBM 165 Extra"]
[Source "ChessBase"]
[SourceDate "2015.04.21"]
[SourceVersion "1"]
[SourceVersionDate "2015.04.21"]
[SourceQuality "1"]

1. e4 c5 2. Nf3 d6 3. Bb5+ Bd7 4. Bxd7+ Nxd7 5. 0-0 Ngf6 6. Qe2 e6 7. c3 Be7 8. d4 cxd4 9. cxd4 h6 10. Nc3 0-0 11. Bf4 Nh5 12. Be3 e5 13. dxe5 dxe5 14. Nxe5 Nxe5 15. Qxh5 Nc4 16. Qe2 Nxe3 17. Qxe3 Rc8 18. Qxa7 Bc5 19. Qxb7 Qd2 20. Rad1 Qc2 21. Rb1 Rfd8 22. Qb3 Qxb3 23. axb3 Rd2 24. e5 Bd4 25. Rbd1 Bxc3 26. bxc3 Rc2 27. c4 Rb8 28. Rb1 Re2 29. f4 Rd8 30. Rf2 Re3 31. b4 Rb8 32. Rc2 Re4 33. g3 Kf8 34. b5 Ke7 35. c5 Kd7 36. c6+ Kc7 37. b6+ Kc8 38. c7 Rb7 1-0

[Event "BRA-ch sf"]
[Site "Brasilia"]
[Date "2012.05.27"]
[Round "5"]
[White "Barbalho, Gilsomar Silva"]
[Black "Sales de Oliveira, Allyson"]
[Result "1-0"]
[WhiteElo "1983"]
[BlackElo "1739"]
[PlyCount "71"]
[EventDate "2012.05.19"]
[EventType "swiss"]
[EventRounds "7"]
[EventCountry "BRA"]
[SourceTitle "CBM 148 Extra"]
[Source "ChessBase"]
[SourceDate "2012.06.22"]
[SourceVersion "1"]
[SourceVersionDate "2012.06.22"]
[SourceQuality "1"]

1. e4 c5 2. b4 cxb4 3. a3 e5 4. Nf3 Nf6 5. Bc4 bxa3 6. 0-0 Qc7 7. d3 Bc5 8. Nxa3 0-0 9. Nb5 Qd8 10. Nxe5 a6 11. d4 Bb6 12. Bg5 d6 13. Qb1 Be6 14. Bxe6 fxe6 15. Qb4 Nc6 16. Nxc6 bxc6 17. Nxd6 Rb8 18. e5 Bc7 19. Qc4 Bxd6 20. Qxe6+ Rf7 21. Bxf6 gxf6 22. exd6 Qd7 23. Qc4 Ra8 24. Qc5 f5 25. Rfe1 Rf6 26. Qc4+ Kf8 27. Re7 Qxd6 28. Rxh7 Ke8 29. Re1+ Kd8 30. Qg8+ Rf8 31. Qg5+ Kc8 32. Qg7 Rb8 33. g3 Rd8 34. c4 Rd7 35. Re8+ Kc7 36. Qxd7+ 1-0

[Event "Brasilia op"]
[Site "Brasilia"]
[Date "2012.??.??"]
[Round "4"]
[White "Campos, Westerley Batista"]
[Black "Sales de Oliveira, Allyson"]
[Result "1-0"]
[WhiteElo "1718"]
[BlackElo "1647"]
[PlyCount "133"]
[EventDate "2012.09.06"]
[EventType "swiss"]
[EventRounds "6"]
[EventCountry "BRA"]
[SourceTitle "CBM 150 Extra"]
[Source "ChessBase"]
[SourceDate "2012.10.19"]
[SourceVersion "1"]
[SourceVersionDate "2012.10.19"]
[SourceQuality "1"]

1. d4 Nf6 2. Bf4 g6 3. Nf3 Bg7 4. e3 d6 5. Nbd2 0-0 6. Bd3 Nh5 7. Bg3 Nd7 8. c3 Nb6 9. Qc2 f5 10. Ng5 Bf6 11. Qb3+ d5 12. Nh3 Bd7 13. c4 Ba4 14. Qc3 c5 15. Be5 cxd4 16. exd4 Rc8 17. Qa3 Bxe5 18. dxe5 dxc4 19. Bxc4+ Nxc4 20. Nxc4 Rxc4 21. 0-0 b5 22. b3 Rc3 23. Qb2 Qd3 24. Rfd1 Qc2 25. Qxc2 Rxc2 26. bxa4 bxa4 27. Rd7 Rfc8 28. g3 e6 29. Rxa7 R8c5 30. Rd1 Rc1 31. Rxc1 Rxc1+ 32. Kg2 Rc4 33. Ng5 h6 34. Nxe6 Re4 35. Ra8+ Kf7 36. Nd8+ Ke8 37. Nb7+ Ke7 38. Ra5 Rg4 39. h3 Re4 40. Nd6 Ke6 41. Ra6 Re2 42. Nc4+ Kd5 43. Rxa4 Ng7 44. Kf3 Re1 45. Ne3+ Kxe5 46. Ra5+ Ke6 47. Ra6+ Kf7 48. Ra7+ Kg8 49. a4 Ne6 50. a5 Rh1 51. h4 Rh2 52. Rd7 f4 53. Ng4 Rh1 54. a6 fxg3 55. Nxh6+ Kf8 56. fxg3 g5 57. a7 Ra1 58. Rh7 Nd8 59. hxg5 Ra3+ 60. Kg4 Ra4+ 61. Kh5 Ra6 62. Rh8+ Ke7 63. Nf5+ Kd7 64. Rh7+ Kc8 65. Ne7+ Kc7 66. Nd5+ Kd6 67. Nb6 1-0